| LEADER | 00744cam a2200229 4500 | ||
|---|---|---|---|
| 001 | u52574 | ||
| 003 | SIRSI | ||
| 008 | 880112s1986 si v 0 eng | ||
| 015 | |a X870081434 | ||
| 035 | |a AAF-6529 | ||
| 040 | |a UMM | ||
| 090 | 0 | 0 | |a TA435 |b Wee |
| 100 | 1 | 0 | |a Wee, Tiong Huan |
| 245 | 1 | 0 | |a Bleeding characteristics of cement paste containing a superplasticizer / |c by Wee Tiong Huan. |
| 260 | |c 1986. | ||
| 300 | |a xiii, 161 leaves : |b ill., plates ; |c 30 cm. | ||
| 502 | |a Dissertation (M.Eng.) -- National University of Singapore, 1986. | ||
| 504 | 0 | 0 | |a Bibliography: leaves 84-90. |
| 650 | 0 | |a Cement. | |
| 948 | |a 16/03/1991 |b 27/11/2000 | ||
| 596 | |a 1 | ||
| 999 | |a TA435 WEE |w LC |c 1 |i A010357830 |d 11/6/1997 |l STACKS |m P01UTAMA |n 2 |r Y |s Y |t TESIS |u 20/2/1992 | ||
